| 000 | 00762nam a22002417a 4500 | ||
|---|---|---|---|
| 999 |
_c16345 _d16345 |
||
| 003 | AR-CdUCM | ||
| 008 | 190503b ||||| |||| 00| 0 spa d | ||
| 040 |
_aMUNICIPALIDAD PROVINCIAL DEL CUSCO _cBIBLIOTECA MUNICIPAL DEL CUSCO |
||
| 041 | _hfre | ||
| 082 |
_a848.79 / _bB28 |
||
| 100 |
_aBaudelaire, Carlos _927876 |
||
| 245 | _aProsa escogida / | ||
| 260 |
_aMadrid : _bBiblioteca nueva. |
||
| 300 |
_a316 páginas ; _c18.5 cm. |
||
| 505 | _aContenido: Cuentos. | ||
| 650 |
_aProsa poética francesa _935736 |
||
| 650 |
_aSiglo XIX _9971 |
||
| 650 |
_aLiteratura Francesa _9614 |
||
| 700 |
_aGómez de la Serna, Julio (traducción) _920164 |
||
| 700 |
_aGómez de la Serna, Ramón (epílogo) _935737 |
||
| 942 |
_2ddc _cLIBROS |
||
| 945 |
_aachl _d2019-05-03 |
||